000 00444nam a2200181Ia 4500
001 21114
005 20260306172855.0
008 260306t2016||||xx |||||||||||||| ||spa||
041 _aESP
082 _a344
_bR47
100 _aReyna Alfaro, Luis Miguel
_eAUT
245 0 _aDerecho penal, parte general:
_btemas claves
260 _c2016
300 _a335 páginas :
_c25 cm.
650 _aGEN
654 _aCDE
942 _cLIB
_dJUS
_fJUS
_2ddc
_n
999 _c21114
_d21114